[Event "European Blitz Championship 2021"]
[Site "Katowice"]
[Date "2021.12.17"]
[Round "5.8"]
[White "Kowalczyk, Rafal"]
[Black "Gorkiewicz, Mateusz"]
[Result "0-1"]
[WhiteElo "2252"]
[BlackElo "2028"]
[Annotator "NA"]
[PlyCount "127"]
[EventDate "2021.12.17"]
[EventType "swiss"]
[EventCountry "POL"]
[SourceTitle "playchess.com"]
[Source "ChessBase"]
[SourceQuality "1"]

1. e4 e5 2. Nf3 Nc6 3. Bc4 Nf6 4. d3 Be7 5. O-O O-O 6. Nc3 d6 7. a4 h6 8. h3
Be6 9. Re1 Re8 10. Bxe6 fxe6 11. d4 exd4 12. Nxd4 Nxd4 13. Qxd4 Nd7 14. a5 a6
15. Be3 Bf6 16. Qc4 Ne5 17. Qb3 Qd7 18. Rad1 Nc6 19. Qa2 Kh8 20. Ne2 Rab8 21.
Nf4 Qf7 22. c3 Be5 23. Nd3 Bf6 24. f4 Rf8 25. Rf1 Bh4 26. Qa4 Qh5 27. g4 Qxa5
28. Qb3 e5 29. f5 Qb5 30. Qc2 d5 31. exd5 Qxd5 32. Nf4 Qc4 33. Ng6+ Kg8 34.
Nxh4 Rbd8 35. Ng6 Rfe8 36. Rxd8 Rxd8 37. Rd1 Rxd1+ 38. Qxd1 Qe4 39. Qd2 Qf3 40.
Nh4 Qg3+ 41. Ng2 Kh7 42. Qd3 Kg8 43. Qd5+ Kh7 44. Qd3 Kg8 45. Qc4+ Kh7 46. h4
Qf3 47. g5 hxg5 48. hxg5 Qd1+ 49. Kh2 Qf3 50. Qh4+ Kg8 51. g6 e4 52. Qh7+ Kf8
53. Qh8+ Ke7 54. Qxg7+ Kd6 55. Bf4+ Kd5 56. Qd7+ Kc4 57. Qd2 Qh5+ 58. Kg3 Ne7
59. Ne3+ Kb5 60. Qd7+ Nc6 61. g7 Qf3+ 62. Kh4 Qxf4+ 63. Kh5 Qf3+ 64. Kg6 0-1

[Event "European Blitz Championship 2021"]
[Site "Katowice"]
[Date "2021.12.17"]
[Round "5.9"]
[White "Przybylski, Wojciech"]
[Black "Sowinski, Pawel"]
[Result "0-1"]
[WhiteElo "2247"]
[BlackElo "1548"]
[Annotator "NA"]
[PlyCount "118"]
[EventDate "2021.12.17"]
[EventType "swiss"]
[EventCountry "POL"]
[SourceTitle "playchess.com"]
[Source "ChessBase"]
[SourceQuality "1"]

1. e4 e6 2. d4 d5 3. Nc3 a6 4. Nf3 Nf6 5. Bg5 Be7 6. Bd3 O-O 7. e5 Nfd7 8. Bxe7
Qxe7 9. O-O c5 10. dxc5 Nxc5 11. Re1 Nc6 12. Bf1 b5 13. a3 Bb7 14. Nd4 Nxd4 15.
Qxd4 Rac8 16. Rad1 f5 17. exf6 Qxf6 18. g3 e5 19. Rxe5 Ne6 20. Rxe6 Qxe6 21.
Bg2 Rc4 22. Qd2 Kh8 23. Ne2 Qf6 24. Nd4 Re8 25. c3 Rc7 26. h4 Rce7 27. Rf1 Qe5
28. Kh2 Qf6 29. Qd3 Re5 30. Qd2 Bc8 31. Nf3 Rf5 32. Nd4 Rfe5 33. Nf3 R5e7 34.
Ng5 h6 35. Nf3 Bf5 36. Nd4 Be4 37. Bh3 Re5 38. Re1 Bg6 39. Rxe5 Qxe5 40. Bg2
Be4 41. f3 Bg6 42. f4 Qd6 43. f5 Bf7 44. Qf2 Qe5 45. Nc6 Qe3 46. Qf1 Qe2 47.
Qf4 Bh5 48. f6 Qe6 49. fxg7+ Kxg7 50. Nd4 Qf6 51. Qd2 Bg6 52. Qd1 Kh7 53. Bxd5
Re3 54. Bg2 Qf2 55. Qf1 Qxg3+ 56. Kg1 Re1 57. Ne2 Rxf1+ 58. Kxf1 Bd3 59. Kg1
Bxe2 0-1

[Event "European Blitz Championship 2021"]
[Site "Katowice"]
[Date "2021.12.17"]
[Round "5.9"]
[White "Kacprzak, Karol"]
[Black "Pakleza, Zbigniew"]
[Result "1-0"]
[WhiteElo "2155"]
[BlackElo "2496"]
[Annotator "RC"]
[PlyCount "205"]
[EventDate "2021.12.17"]
[EventType "swiss"]
[EventCountry "POL"]
[SourceTitle "playchess.com"]
[Source "ChessBase"]
[SourceQuality "1"]

1. e4 d6 2. d4 Nf6 3. Nc3 c6 4. a4 Nbd7 5. Nf3 e5 6. Bc4 Be7 7. O-O O-O 8. Qe2
exd4 9. Nxd4 Re8 10. Ba2 Bf8 11. Re1 d5 12. Bg5 h6 13. Bh4 Qb6 14. Qd2 Nxe4 15.
Nxe4 dxe4 16. Qf4 Ne5 17. Rxe4 Qxb2 18. Rae1 Qxa2 19. Rxe5 Rxe5 20. Qxe5 Bd7
21. Qc7 Re8 22. Rf1 Qd5 23. Nf3 c5 24. Bg3 Qc6 25. Qf4 Qxa4 26. Qd2 Bb5 27. Re1
Rxe1+ 28. Nxe1 Qd4 29. Qc1 a5 30. Nf3 Qd5 31. Ne5 a4 32. c4 Bxc4 33. Nxc4 b5
34. Ne3 Qb3 35. Be5 a3 36. h3 a2 37. Kh2 f6 38. Ba1 Qb1 39. Qc3 Bd6+ 40. g3 Be5
41. Qxc5 Bxa1 42. Qd5+ Kh7 43. Nf5 Qc2 44. Kg2 Be5 45. Ne7 h5 46. Qg8+ Kh6 47.
Qh8+ Qh7 48. Ng8+ Kg6 49. Ne7+ Kf7 50. Qxh7 a1=Q 51. Nf5 Ke6 52. Nxg7+ Kd5 53.
Qd3+ Kc6 54. Ne6 Qc3 55. Qe4+ Kd6 56. Ng7 b4 57. Nf5+ Kc5 58. Qb7 b3 59. Qa7+
Kb4 60. Ne3 Qc6+ 61. Kh2 Kc3 62. Qa3 Qb5 63. Qc1+ Kb4 64. Qd2+ Kc5 65. Qd5+ Kb6
66. Nc4+ Ka6 67. Qe6+ Ka7 68. Qf7+ Qb7 69. Qf8 b2 70. Qa3+ Qa6 71. Qc5+ Kb8 72.
Nxb2 Bxb2 73. Qf8+ Qc8 74. Qb4+ Qb7 75. Qf8+ Ka7 76. Qe8 Be5 77. Qxh5 Qb2 78.
Qf3 Bd4 79. Kg2 Kb6 80. h4 Qc2 81. Qf4 Kc6 82. Qxd4 Qf5 83. Qe3 Kd6 84. Qf3 Qg6
85. Qf4+ Ke7 86. g4 Kf8 87. h5 Qf7 88. Kg3 Kg8 89. Qf5 Qc7+ 90. Qf4 Qc3+ 91.
Qe3 Qc7+ 92. f4 Qc6 93. Qf3 Qc1 94. Kh3 Kg7 95. Kg3 Qg1+ 96. Qg2 Qe1+ 97. Kh3
Qe3+ 98. Qg3 Qc1 99. g5 f5 100. Qf3 Qg1 101. h6+ Kg6 102. Qc6+ Kh7 103. Qd7+
1-0

[Event "European Blitz Championship 2021"]
[Site "Katowice"]
[Date "2021.12.17"]
[Round "5.10"]
[White "Schneider, Ilja"]
[Black "Mis, Mieszko"]
[Result "1/2-1/2"]
[WhiteElo "2486"]
[BlackElo "2200"]
[Annotator "ChessBase"]
[PlyCount "32"]
[EventDate "2021.12.17"]
[EventType "swiss"]
[EventCountry "POL"]
[SourceTitle "playchess.com"]
[Source "ChessBase"]
[SourceQuality "1"]

1. e4 c6 2. d4 d5 3. exd5 cxd5 4. c4 Nf6 5. Nc3 Nc6 6. Nf3 g6 7. cxd5 Nxd5 8.
Qb3 Nxc3 9. Bc4 e6 10. bxc3 Bg7 11. Ba3 Na5 12. Bb5+ Bd7 13. Qa4 Nc6 14. Qb3
Na5 15. Qa4 Nc6 16. Qb3 Na5 1/2-1/2

[Event "European Blitz Championship 2021"]
[Site "Katowice"]
[Date "2021.12.17"]
[Round "5.10"]
[White "Warchol, Kamil"]
[Black "Tazbir, Marcin"]
[Result "1-0"]
[WhiteElo "1706"]
[BlackElo "2508"]
[Annotator "ChessBase"]
[PlyCount "106"]
[EventDate "2021.12.17"]
[EventType "swiss"]
[EventCountry "POL"]
[SourceTitle "playchess.com"]
[Source "ChessBase"]
[SourceQuality "1"]

1. e4 c5 2. Nf3 d6 3. d4 Nf6 4. Nc3 cxd4 5. Nxd4 a6 6. f4 e5 7. Nf3 Qc7 8. Bd3
Be7 9. Qe2 Nbd7 10. O-O O-O 11. Kh1 b5 12. Nh4 Re8 13. fxe5 Nxe5 14. Bg5 b4 15.
Nd1 Nfg4 16. Bxe7 Qxe7 17. Nf3 Nxd3 18. cxd3 d5 19. Nf2 Nxf2+ 20. Qxf2 dxe4 21.
dxe4 Bb7 22. e5 Rad8 23. Rac1 h6 24. h3 Bxf3 25. Qxf3 Qxe5 26. Qxf7+ Kh8 27.
Qf2 Qe2 28. Rce1 Qxf2 29. Rxe8+ Rxe8 30. Rxf2 Re1+ 31. Kh2 Ra1 32. b3 Kh7 33.
Rf4 a5 34. Rf2 Kg6 35. Kg3 Rc1 36. Rd2 Rc3+ 37. Kf2 Kf6 38. Ke2 Ke5 39. Kf2 Ke4
40. Ke2 Rg3 41. Kf2 Rd3 42. Rc2 Kd4 43. Rc4+ Kd5 44. Rc2 Rd1 45. Ke2 Ra1 46.
Kd3 g5 47. Ke3 h5 48. Kd3 Re1 49. Kd2 Rf1 50. Ke3 g4 51. hxg4 hxg4 52. Rd2+ Ke5
53. Rc2 Kd5 1-0

[Event "European Blitz Championship 2021"]
[Site "Katowice"]
[Date "2021.12.17"]
[Round "5.11"]
[White "Kovalenko, Igor"]
[Black "Pavlidou, Ekaterini"]
[Result "1/2-1/2"]
[WhiteElo "2668"]
[BlackElo "2177"]
[Annotator "TA"]
[PlyCount "76"]
[EventDate "2021.12.17"]
[EventType "swiss"]
[EventCountry "POL"]
[SourceTitle "playchess.com"]
[Source "ChessBase"]
[SourceQuality "1"]

1. d4 Nf6 2. Nf3 e6 3. e3 b6 4. Bd3 Bb7 5. O-O d5 6. a4 a6 7. Bd2 Be7 8. a5 O-O
9. Ne5 Nbd7 10. f4 Ne4 11. Nc3 f5 12. Qe2 b5 13. Bxe4 dxe4 14. Rfd1 c5 15. Be1
Nxe5 16. dxe5 Qc7 17. Qh5 g6 18. Qh6 Rfd8 19. Bh4 Rxd1+ 20. Rxd1 Rd8 21. Bf6
Rxd1+ 22. Nxd1 Bf8 23. Qh4 Qxa5 24. Qf2 Qa1 25. Qd2 Bd5 26. Kf2 c4 27. Kg3 b4
28. Kh3 a5 29. g4 a4 30. gxf5 gxf5 31. Qg2+ Kf7 32. Qe2 Kg6 33. Kh4 Kf7 34. c3
b3 35. Kh3 Qb1 36. Qh5+ Kg8 37. Qg5+ Kf7 38. Qh5+ Kg8 1/2-1/2

[Event "European Blitz Championship 2021"]
[Site "Katowice"]
[Date "2021.12.17"]
[Round "5.11"]
[White "Janik, Igor"]
[Black "Kukula, Pawel"]
[Result "1-0"]
[WhiteElo "2508"]
[BlackElo "2191"]
[Annotator "ChessBase"]
[PlyCount "65"]
[EventDate "2021.12.17"]
[EventType "swiss"]
[EventCountry "POL"]
[SourceTitle "playchess.com"]
[Source "ChessBase"]
[SourceQuality "1"]

1. e4 c5 2. Nf3 Nc6 3. Bb5 Nf6 4. d3 Qc7 5. O-O g6 6. Re1 Bg7 7. e5 Nd5 8. Bxc6
dxc6 9. h3 O-O 10. Nbd2 b6 11. Ne4 h6 12. a3 Qd8 13. Qe2 Be6 14. b3 a5 15. c4
Nc7 16. Bb2 Bc8 17. d4 cxd4 18. Nxd4 Bb7 19. Rad1 Qc8 20. c5 b5 21. f4 Ne6 22.
Qe3 Nxd4 23. Rxd4 Qe6 24. Red1 b4 25. a4 Ba6 26. g4 f5 27. exf6 exf6 28. Rd6
Qe8 29. Re1 Qf7 30. Nxf6+ Bxf6 31. Rxf6 Qe8 32. Re6 Qf7 33. Re7 1-0

[Event "European Blitz Championship 2021"]
[Site "Katowice"]
[Date "2021.12.17"]
[Round "5.12"]
[White "Bernadskiy, Vitaliy"]
[Black "Skawinski, Arkadiusz"]
[Result "1-0"]
[WhiteElo "2592"]
[BlackElo "2184"]
[Annotator "ChessBase"]
[PlyCount "45"]
[EventDate "2021.12.17"]
[EventType "swiss"]
[EventCountry "POL"]
[SourceTitle "playchess.com"]
[Source "ChessBase"]
[SourceQuality "1"]

1. c4 e6 2. Nc3 d5 3. d4 c6 4. e4 dxe4 5. Nxe4 Bb4+ 6. Nc3 c5 7. Nf3 Nf6 8. a3
Ba5 9. Be3 Nc6 10. Rc1 cxd4 11. Nxd4 Nxd4 12. Qxd4 O-O 13. b4 Bc7 14. Be2 e5
15. Qxd8 Rxd8 16. h3 Bf5 17. O-O a6 18. Rfd1 Kf8 19. g4 Bg6 20. g5 Ne4 21. Nd5
Bd6 22. Kg2 Rac8 23. f3 1-0

[Event "European Blitz Championship 2021"]
[Site "Katowice"]
[Date "2021.12.17"]
[Round "5.12"]
[White "Gretarsson, Helgi Ass"]
[Black "Luberanski, Jakub"]
[Result "1/2-1/2"]
[WhiteElo "2476"]
[BlackElo "2072"]
[Annotator "ChessBase"]
[PlyCount "93"]
[EventDate "2021.12.17"]
[EventType "swiss"]
[EventCountry "POL"]
[SourceTitle "playchess.com"]
[Source "ChessBase"]
[SourceQuality "1"]

1. d4 Nf6 2. c4 g6 3. Nc3 d5 4. Bf4 Bg7 5. e3 O-O 6. Rc1 c5 7. dxc5 dxc4 8.
Qxd8 Rxd8 9. Bxc4 Nbd7 10. b4 a5 11. a3 axb4 12. axb4 Nh5 13. Bc7 Bxc3+ 14.
Rxc3 Ra1+ 15. Ke2 Rf8 16. Kf3 Ndf6 17. h3 Bf5 18. Bd3 Nd5 19. Bxf5 gxf5 20. Be5
Nxc3 21. Bxc3 Rb1 22. g4 Nf6 23. gxf5 Nd5 24. Bd2 Nxb4 25. Bxb4 Rxb4 26. Ne2
Rc8 27. Rc1 Rb5 28. Nd4 Rbxc5 29. Rb1 R8c7 30. Rb6 Kg7 31. Ke4 Rc1 32. Kf3 Rh1
33. Kg2 Ra1 34. f6+ exf6 35. Nf5+ Kg6 36. e4 Ra6 37. Rb3 h6 38. Rg3+ Kh7 39.
Rg7+ Kh8 40. Rg4 Ra5 41. Rh4 Rxf5 42. exf5 Kg7 43. Rb4 Rc5 44. Rxb7 Rxf5 45.
Kg3 Rg5+ 46. Kf3 Rf5+ 47. Ke4 1/2-1/2

[Event "European Blitz Championship 2021"]
[Site "Katowice"]
[Date "2021.12.17"]
[Round "5.13"]
[White "Baum, Jonasz"]
[Black "Pultinevicius, Paulius"]
[Result "0-1"]
[WhiteElo "2157"]
[BlackElo "2546"]
[Annotator "RC"]
[PlyCount "94"]
[EventDate "2021.12.17"]
[EventType "swiss"]
[EventCountry "POL"]
[SourceTitle "playchess.com"]
[Source "ChessBase"]
[SourceQuality "1"]

1. d4 Nf6 2. c4 e6 3. Nc3 Bb4 4. g3 d5 5. Bg2 O-O 6. Nf3 dxc4 7. O-O Nc6 8. Qa4
Bd7 9. Bg5 a6 10. Ne5 Bxc3 11. Bxc6 Bxc6 12. Nxc6 bxc6 13. bxc3 Qd5 14. Bxf6
gxf6 15. Rab1 Rfb8 16. Rxb8+ Rxb8 17. Qxa6 Rb2 18. a4 Rxe2 19. Qc8+ Kg7 20.
Qxc7 Ra2 21. Re1 Rxa4 22. Qf4 h5 23. Qe4 Ra1 24. Qe2 Ra3 25. Rc1 Kg6 26. Qc2+
f5 27. Qe2 Rb3 28. h4 Qb5 29. Qe3 f4 30. Qxf4 Qf5 31. Qe3 Rb2 32. Kg2 Ra2 33.
Qf3 Qxf3+ 34. Kxf3 Kf5 35. Ke3 f6 36. Rb1 Rc2 37. Rb6 Rxc3+ 38. Ke2 Rc2+ 39.
Ke3 Rc3+ 40. Ke2 Ke4 41. Rxc6 Rc2+ 42. Ke1 c3 43. Rxe6+ Kd3 44. Kf1 Rd2 45. d5
c2 46. Rc6 Rd1+ 47. Kg2 c1=Q 0-1

[Event "European Blitz Championship 2021"]
[Site "Katowice"]
[Date "2021.12.17"]
[Round "5.13"]
[White "Zylka, Stanislaw"]
[Black "Donchenko, Alexander"]
[Result "0-1"]
[WhiteElo "2143"]
[BlackElo "2645"]
[Annotator "RC"]
[PlyCount "188"]
[EventDate "2021.12.17"]
[EventType "swiss"]
[EventCountry "POL"]
[SourceTitle "playchess.com"]
[Source "ChessBase"]
[SourceQuality "1"]

1. e4 c6 2. Nf3 d5 3. Nc3 Bg4 4. Be2 Nf6 5. e5 Nfd7 6. d4 Bxf3 7. Bxf3 e6 8.
Ne2 c5 9. c3 cxd4 10. cxd4 Bb4+ 11. Kf1 Nc6 12. a3 Be7 13. g3 Qb6 14. Kg2 O-O
15. h4 Na5 16. Bg5 Rfe8 17. b4 Nc4 18. Qd3 Bf8 19. h5 a5 20. h6 g6 21. bxa5
Rxa5 22. Rhb1 Qa6 23. a4 b6 24. Nc3 Rc8 25. Be2 Qa8 26. Qf3 Na3 27. Rc1 Nc4 28.
Rcb1 Qc6 29. Rb3 Rca8 30. Rc1 Qc8 31. Rcb1 Qe8 32. Rb5 Be7 33. Bxe7 Qxe7 34.
Qd3 Qf8 35. Qc2 Na3 36. Qd2 Nxb1 37. Rxb1 R5a7 38. Bb5 Rc7 39. Nd1 Rac8 40. Ne3
f5 41. exf6 Nxf6 42. Qd1 Qxh6 43. Qf3 Qg7 44. Rh1 Ne4 45. Ng4 Rf8 46. Qe3 Rc2
47. Bd3 Rcxf2+ 48. Nxf2 Rxf2+ 49. Kg1 Rf5 50. Bxe4 dxe4 51. Qxe4 Qd7 52. Kg2
Qd5 53. Qxd5 Rxd5 54. Rb1 Rd6 55. Kf3 Rxd4 56. Rxb6 Rxa4 57. Rxe6 Kg7 58. Rb6
Ra7 59. Kg2 Rf7 60. Kh3 h6 61. Kg4 Re7 62. Ra6 Kf7 63. Rb6 Re6 64. Rb8 Re4+ 65.
Kf3 Re5 66. Rb6 Re6 67. Rb8 Kf6 68. Rf8+ Kg5 69. Ra8 Re5 70. Ra4 h5 71. Rb4 Ra5
72. Rc4 Ra3+ 73. Kg2 Re3 74. Rc5+ Kg4 75. Rc4+ Kf5 76. Rc5+ Re5 77. Rc4 Re4 78.
Rc6 g5 79. Kf2 Kg4 80. Rc2 Kh3 81. Rc5 Rg4 82. Rc3 Kh2 83. Ra3 Rb4 84. Kf3 Kh3
85. Rc3 Rb2 86. Ra3 g4+ 87. Kf4 Rf2+ 88. Kg5 Rf3 89. Ra1 Kxg3 90. Kxh5 Rf5+ 91.
Kg6 Rb5 92. Rg1+ Kf3 93. Rf1+ Kg2 94. Rf4 g3 0-1

[Event "European Blitz Championship 2021"]
[Site "Katowice"]
[Date "2021.12.17"]
[Round "5.14"]
[White "Klekowski, Maciej"]
[Black "Mazurkiewicz, Michal"]
[Result "1-0"]
[WhiteElo "2499"]
[BlackElo "2067"]
[Annotator "RC"]
[PlyCount "103"]
[EventDate "2021.12.17"]
[EventType "swiss"]
[EventCountry "POL"]
[SourceTitle "playchess.com"]
[Source "ChessBase"]
[SourceQuality "1"]

1. c4 Nf6 2. Nc3 g6 3. d4 Bg7 4. e4 O-O 5. h3 d6 6. Be3 e5 7. d5 c6 8. Nf3 cxd5
9. cxd5 a6 10. a4 Nbd7 11. Nd2 Nc5 12. b4 Ncd7 13. Nc4 Ne8 14. g4 f5 15. gxf5
gxf5 16. exf5 Ndf6 17. Nb6 Rb8 18. h4 Bxf5 19. Bh3 Bg6 20. Be6+ Bf7 21. h5 h6
22. Bxf7+ Rxf7 23. Rc1 Kh8 24. Rg1 Qe7 25. Rg6 Ng8 26. Qg4 Nef6 27. Qh3 Rbf8
28. Ke2 Nh7 29. Ne4 Nhf6 30. Nxf6 Rxf6 31. Rxf6 Nxf6 32. Rc8 Qf7 33. Rxf8+ Bxf8
34. Kd3 Nxd5 35. Qc8 Nxb4+ 36. Kc3 Nd5+ 37. Nxd5 Qxd5 38. Qxf8+ Kh7 39. Qxh6+
Kg8 40. Qg6+ Kf8 41. Bh6+ Ke7 42. Bg5+ Kd7 43. Qf5+ Kc6 44. Qc8+ Kb6 45. Be3+
Ka5 46. Qc7+ Kxa4 47. Qc4+ Qxc4+ 48. Kxc4 b5+ 49. Kc3 d5 50. h6 d4+ 51. Kb2
dxe3 52. fxe3 1-0

[Event "European Blitz Championship 2021"]
[Site "Katowice"]
[Date "2021.12.17"]
[Round "5.14"]
[White "Swicarz, Maciej"]
[Black "Andersen, Mads"]
[Result "1/2-1/2"]
[WhiteElo "2131"]
[BlackElo "2575"]
[Annotator "RC"]
[PlyCount "129"]
[EventDate "2021.12.17"]
[EventType "swiss"]
[EventCountry "POL"]
[SourceTitle "playchess.com"]
[Source "ChessBase"]
[SourceQuality "1"]

1. c4 c5 2. Nf3 Nf6 3. Nc3 d5 4. cxd5 Nxd5 5. d4 Nxc3 6. bxc3 g6 7. e3 Bg7 8.
Be2 O-O 9. O-O Nc6 10. Ba3 b6 11. Qb3 Qc7 12. Rac1 Rd8 13. dxc5 Be6 14. Qc2
bxc5 15. Bxc5 Qa5 16. Bd4 Qxa2 17. Bxg7 Qxc2 18. Rxc2 Kxg7 19. Nd4 Bd5 20. Ra1
a5 21. Bb5 Nxd4 22. cxd4 Rdb8 23. Bc6 Bxc6 24. Rxc6 Rb2 25. g3 a4 26. Rc3 Ra6
27. Rca3 Rf6 28. Rf1 Rb4 29. Rfa1 Ra6 30. R1a2 g5 31. Kg2 g4 32. h3 h5 33. h4
e6 34. Rc3 Kf6 35. Rc5 Kg6 36. Rg5+ Kh6 37. Rc5 a3 38. Rc3 Rba4 39. Rb3 Kg6 40.
Rb5 f6 41. Rc5 Rb6 42. Rc3 Rba6 43. Rc5 R4a5 44. Rc3 Kf5 45. Rb3 Ke4 46. Rc3
Kd5 47. Kf1 Ke4 48. Kg2 Ra4 49. Rb3 R6a5 50. Rc3 Kd5 51. Kf1 e5 52. dxe5 fxe5
53. Kg2 Ke4 54. Rb3 Kd5 55. Rc3 Ra6 56. Rd2+ Ke4 57. Ra2 Kf5 58. Rd3 Ke6 59.
Kf1 R6a5 60. Kg2 Kf5 61. Rb3 Ke4 62. Rc3 Ra6 63. Rb3 Kd5 64. Rc3 Ke6 65. Rd3
1/2-1/2

[Event "European Blitz Championship 2021"]
[Site "Katowice"]
[Date "2021.12.17"]
[Round "5.15"]
[White "Mirzoev, Emil"]
[Black "Tymrakiewicz, Rafal"]
[Result "1/2-1/2"]
[WhiteElo "2474"]
[BlackElo "2172"]
[Annotator "RC"]
[PlyCount "62"]
[EventDate "2021.12.17"]
[EventType "swiss"]
[EventCountry "POL"]
[SourceTitle "playchess.com"]
[Source "ChessBase"]
[SourceQuality "1"]

1. Nf3 Nf6 2. g3 g6 3. Bg2 Bg7 4. O-O O-O 5. c4 d6 6. d4 Nc6 7. Nc3 Bg4 8. h3
Bxf3 9. Bxf3 Nd7 10. e3 e5 11. d5 Ne7 12. e4 f5 13. exf5 gxf5 14. Bg2 f4 15.
Ne4 Nf5 16. gxf4 Qh4 17. Qg4 exf4 18. Bxf4 Qxg4 19. hxg4 Nh4 20. Be3 Ne5 21. c5
Nxg4 22. cxd6 cxd6 23. Bh3 Nxe3 24. Be6+ Kh8 25. fxe3 Bh6 26. Nxd6 Bxe3+ 27.
Kh1 Kg7 28. Rae1 Bf4 29. Ne4 Rad8 30. Rf2 Ng6 31. Ref1 Be3 1/2-1/2

[Event "European Blitz Championship 2021"]
[Site "Katowice"]
[Date "2021.12.17"]
[Round "5.15"]
[White "Froewis, Annika"]
[Black "Diermair, Andreas"]
[Result "0-1"]
[WhiteElo "2100"]
[BlackElo "2357"]
[Annotator "NA"]
[PlyCount "114"]
[EventDate "2021.12.17"]
[EventType "swiss"]
[EventCountry "POL"]
[SourceTitle "playchess.com"]
[Source "ChessBase"]
[SourceQuality "1"]

1. e4 e5 2. Nf3 Nc6 3. Bc4 Nf6 4. d3 Bc5 5. c3 O-O 6. b4 Be7 7. Bb3 d5 8. exd5
Nxd5 9. O-O a6 10. h3 Kh8 11. Re1 f6 12. a3 Nb6 13. Be3 Nd5 14. Bd2 Bf5 15. d4
exd4 16. cxd4 Bg6 17. Nc3 Bf7 18. Rc1 Re8 19. Ne4 Bf8 20. Nc5 Rxe1+ 21. Bxe1 b6
22. Ne4 Qd7 23. Qc2 Nd8 24. Ng3 Bg6 25. Qe2 Nf4 26. Qe3 Nd3 27. Rd1 Nxe1 28.
Rxe1 Nb7 29. Nh4 Bf7 30. Bc2 Nd6 31. Nhf5 Nxf5 32. Nxf5 Bg6 33. g4 Re8 34. Qd2
Rxe1+ 35. Qxe1 Bf7 36. Qe3 g6 37. Ng3 Kg7 38. Kh2 Qd5 39. Be4 Qb3 40. Nf1 a5
41. Qxb3 Bxb3 42. bxa5 bxa5 43. Nd2 Ba2 44. a4 Bb4 45. Nf3 Bb3 46. Bc6 Kf7 47.
Kg3 Ke6 48. d5+ Kd6 49. Nd4 Bxd5 50. Be8 c5 51. Nb5+ Ke7 52. Nc7 Bb3 53. Bb5
Kd6 54. Ne8+ Ke6 55. Nc7+ Ke5 56. f4+ Kd4 57. Ne6+ Bxe6 0-1

[Event "European Blitz Championship 2021"]
[Site "Katowice"]
[Date "2021.12.17"]
[Round "5.16"]
[White "Piesik, Piotr"]
[Black "Lis, Mateusz"]
[Result "0-1"]
[WhiteElo "2336"]
[BlackElo "2061"]
[Annotator "NA"]
[PlyCount "57"]
[EventDate "2021.12.17"]
[EventType "swiss"]
[EventCountry "POL"]
[SourceTitle "playchess.com"]
[Source "ChessBase"]
[SourceQuality "1"]

1. Nf3 Nf6 2. g3 d5 3. Bg2 c5 4. O-O Nc6 5. d3 g6 6. Nbd2 Bg7 7. e4 O-O 8. Re1
b6 9. c3 Ba6 10. Bf1 dxe4 11. dxe4 Bxf1 12. Kxf1 Qd3+ 13. Qe2 Rad8 14. Kg2 e6
15. Nc4 b5 16. Qxd3 Rxd3 17. Nce5 Nxe5 18. Nxe5 Rdd8 19. a4 b4 20. Nc6 Rd7 21.
c4 Rc8 22. Na5 Ng4 23. f4 Bxb2 24. Bxb2 Rd2+ 25. Kg1 Rxb2 26. h3 Nf2 27. h4
Nh3+ 28. Kh1 Rd8 29. Nc6 0-1

[Event "European Blitz Championship 2021"]
[Site "Katowice"]
[Date "2021.12.17"]
[Round "5.16"]
[White "Nemec, Jachym"]
[Black "Plat, Vojtech"]
[Result "0-1"]
[WhiteElo "2126"]
[BlackElo "2548"]
[Annotator "ChessBase"]
[PlyCount "72"]
[EventDate "2021.12.17"]
[EventType "swiss"]
[EventCountry "POL"]
[SourceTitle "playchess.com"]
[Source "ChessBase"]
[SourceQuality "1"]

1. d4 d5 2. c4 Nc6 3. e3 e5 4. cxd5 Qxd5 5. Nc3 Bb4 6. Bd2 Bxc3 7. bxc3 Nf6 8.
c4 Qd6 9. d5 Ne7 10. Rb1 c5 11. Ne2 O-O 12. Nc3 a6 13. e4 b6 14. Bd3 Bd7 15.
Qc2 Ng6 16. O-O Nf4 17. Rfe1 Nxd3 18. Qxd3 Rfb8 19. a4 Ne8 20. Rb2 Nc7 21. Reb1
a5 22. g3 Na6 23. f4 Nb4 24. Qe2 Re8 25. f5 g6 26. g4 f6 27. h4 Kh8 28. Kh2 Rg8
29. Bh6 gxf5 30. gxf5 Bxf5 31. Rf1 Bd7 32. Qe3 Rg4 33. Qh3 Rag8 34. Rbf2 f5 35.
Bg5 f4 36. Ne2 R4xg5 0-1

[Event "European Blitz Championship 2021"]
[Site "Katowice"]
[Date "2021.12.17"]
[Round "5.17"]
[White "Jagodzinski, Piotr"]
[Black "Mica, Marek"]
[Result "1-0"]
[WhiteElo "2298"]
[BlackElo "2055"]
[Annotator "NA"]
[PlyCount "81"]
[EventDate "2021.12.17"]
[EventType "swiss"]
[EventCountry "POL"]
[SourceTitle "playchess.com"]
[Source "ChessBase"]
[SourceQuality "1"]

1. Nf3 d5 2. b3 Bf5 3. Bb2 e6 4. e3 h6 5. d3 Nf6 6. Ne5 Nbd7 7. Nxd7 Qxd7 8.
Nd2 Be7 9. Be2 Bh7 10. Nf3 c5 11. Ne5 Qc7 12. Qd2 a6 13. f4 b5 14. Bf3 O-O 15.
g4 Rac8 16. h4 d4 17. g5 dxe3 18. Qxe3 Nd5 19. Bxd5 exd5 20. gxh6 Bf6 21. hxg7
Rfe8 22. O-O-O d4 23. Qg3 Bxe5 24. fxe5 Rxe5 25. Kb1 Rce8 26. Bc1 Qd7 27. h5
Qd5 28. h6 c4 29. Rhe1 cxd3 30. cxd3 Rxe1 31. Rxe1 Rc8 32. Bb2 Qc5 33. Rc1
Qxc1+ 34. Bxc1 b4 35. Bd2 a5 36. Bf4 Bg6 37. Be5 Kh7 38. Bxd4 Rd8 39. Qe3 Rd7
40. Kb2 Rc7 41. a3 1-0

[Event "European Blitz Championship 2021"]
[Site "Katowice"]
[Date "2021.12.17"]
[Round "5.17"]
[White "Kyc, Jerzy"]
[Black "Starek, Stanislav"]
[Result "1-0"]
[WhiteElo "2250"]
[BlackElo "2159"]
[Annotator "NA"]
[PlyCount "115"]
[EventDate "2021.12.17"]
[EventType "swiss"]
[EventCountry "POL"]
[SourceTitle "playchess.com"]
[Source "ChessBase"]
[SourceQuality "1"]

1. e4 d5 2. Nc3 dxe4 3. Nxe4 Nf6 4. Nxf6+ exf6 5. Nf3 Bd6 6. d4 Bg4 7. Be2 O-O
8. O-O c6 9. h3 Bh5 10. Nh4 Bg6 11. Bd3 Nd7 12. Nf5 Qc7 13. Qf3 Nb6 14. c4 c5
15. b4 Bxf5 16. Qxf5 g6 17. Qxf6 cxd4 18. Bh6 Be5 19. Qf3 Nxc4 20. Bxc4 Qxc4
21. Bxf8 Rxf8 22. Qxb7 d3 23. Rad1 Rd8 24. Qxa7 Qxb4 25. Qe3 Qc3 26. Rfe1 Bd4
27. Qf3 Qc2 28. Kh1 Bc3 29. Re7 Qxa2 30. Re3 Qc2 31. Rexd3 Rxd3 32. Qxd3 Qxd3
33. Rxd3 Bf6 34. f4 Kg7 35. g3 h5 36. Kg2 Kf8 37. Kf3 Kg7 38. Ke4 Be7 39. f5
Kf6 40. fxg6 fxg6 41. Rd5 Ke6 42. Rb5 Kf6 43. Rb6+ Kg5 44. h4+ Kh6 45. Ke5 Bd8
46. Rc6 Ba5 47. Kf6 Be1 48. Kf7 Kh7 49. Rxg6 Bf2 50. Rg5 Kh6 51. Kf6 Bd4+ 52.
Kf5 Bf2 53. Rg6+ Kh7 54. Rg5 Kh6 55. Ke4 Bb6 56. Re5 Bc7 57. Re6+ Kg7 58. Re7+
1-0